000 00646nam a2200289Ia 4500
005 20260324121624.0
008 008 260324s9999 xx 000 0 eng d
020 _a9781315631622
037 _aEBOOK
040 _aCRL
040 _beng
040 _cCRL
041 _2eng
041 _aeng
084 _qCRL
100 _aPaul Street
_91163222
245 0 _aThey Rule
245 4 _bThe 1% vs. Democracy
260 _bTaylor and Francis
260 _c2014
365 _a
365 _b315
856 _uhttp://www.taylorfrancis.com/books/9781315631622
942 _cEBOOK
999 _c1755454
_d1755454